[Event "24th ch-EUR Indiv 2024"]
[Site "Petrovac MNE"]
[Date "2024.11.10"]
[Round "3.77"]
[White "Damjanovic, Vuk"]
[Black "Piorun, Kacper"]
[Result "0-1"]
[WhiteTitle "IM"]
[BlackTitle "GM"]
[WhiteElo "2364"]
[BlackElo "2580"]
[WhiteFideId "980021"]
[BlackFideId "1130420"]
[EventDate "2024.11.08"]

1. e4 c5 2. Nf3 Nc6 3. Bb5 g6 4. O-O Bg7 5. c3 Nf6 6. Re1 O-O 7. d4 cxd4 8. cxd4
d5 9. e5 Ne4 10. Be3 Bd7 11. Bxc6 Bxc6 12. Nfd2 f5 13. Nb3 f4 14. Bc1 e6 15. f3
Qh4 16. fxe4 dxe4 17. Rf1 f3 18. g3 e3 19. Qxf3 Rxf3 20. gxh4 e2 21. Re1 Raf8
22. N1d2 Rf2 0-1

[Event "24th ch-EUR Indiv 2024"]
[Site "Petrovac MNE"]
[Date "2024.11.10"]
[Round "3.78"]
[White "Kochavi, Ori"]
[Black "Vogel, Roven"]
[Result "1/2-1/2"]
[WhiteTitle "IM"]
[BlackTitle "GM"]
[WhiteElo "2363"]
[BlackElo "2558"]
[WhiteFideId "2816873"]
[BlackFideId "12908088"]
[EventDate "2024.11.08"]

1. e4 c5 2. Nf3 Nc6 3. Bb5 e6 4. O-O Nge7 5. Re1 Ng6 6. c3 Be7 7. d4 cxd4 8.
cxd4 d5 9. e5 O-O 10. Nc3 Bd7 11. Bd3 f6 12. exf6 Rxf6 13. Ne5 Ncxe5 14. dxe5
Rf8 15. Bxg6 hxg6 16. Be3 Rf5 17. Bd4 b6 18. Qd3 Qf8 19. Ne2 Bc5 20. Qe3 Bb5 21.
Nc3 Ba6 22. Rad1 Rf4 23. Rd2 Rc8 24. Red1 g5 25. g3 Rf3 26. Bxc5 Qf5 27. Bxb6
Rxe3 28. Bxe3 d4 29. Rxd4 Bb7 30. Rd7 Bf3 31. Rd8+ Kh7 32. Kf1 Rc7 33. Rc1 Bb7
34. Ke2 Qxe5 35. Rd4 Qf5 36. Kd2 e5 37. Rd3 Ba6 38. Rd6 Rd7 39. Rxd7 Qxd7+ 40.
Ke1 Qb7 41. b3 g4 1/2-1/2

[Event "24th ch-EUR Indiv 2024"]
[Site "Petrovac MNE"]
[Date "2024.11.10"]
[Round "3.79"]
[White "Dalaud, Dorian"]
[Black "Parligras, Mircea-Emilian"]
[Result "0-1"]
[WhiteTitle "FM"]
[BlackTitle "GM"]
[WhiteElo "2348"]
[BlackElo "2550"]
[WhiteFideId "36093270"]
[BlackFideId "1204297"]
[EventDate "2024.11.08"]

1. e4 c5 2. Nf3 d6 3. Bb5+ Nd7 4. d4 cxd4 5. Nxd4 Nf6 6. Bd3 Nc5 7. Nc3 g6 8.
O-O Bg7 9. Re1 O-O 10. Bf1 a6 11. a4 b6 12. f3 Bb7 13. Be3 Rc8 14. Qd2 Re8 15.
Rad1 Qc7 16. Kh1 Ncd7 17. Bh6 Bh8 18. Nd5 Nxd5 19. exd5 Nc5 20. c4 Nxa4 21. b4
Qd7 22. Re3 e6 23. Rde1 e5 24. Nb3 b5 25. cxb5 axb5 26. Na5 Ba8 27. Rd3 Nb6 28.
Be3 Nc4 29. Nxc4 bxc4 30. Ra3 e4 31. Bd4 Bxd4 32. Qxd4 exf3 33. Rxe8+ Qxe8 34.
gxf3 Qe1 35. Kg2 c3 36. Ba6 c2 37. Bxc8 c1=Q 38. Rxa8 Qh1+ 39. Kg3 Qce1+ 40. Kh3
Qef1+ 41. Kh4 Qe1+ 42. Kg5 Qe7+ 43. Qf6 h6+ 44. Kxh6 Qf8+ 45. Kg5 Qg2+ 46. Bg4
Qd8 47. Rb8 Qxb8 48. Qe6 Qa8 49. Qxd6 Qd2+ 0-1

[Event "24th ch-EUR Indiv 2024"]
[Site "Petrovac MNE"]
[Date "2024.11.10"]
[Round "3.80"]
[White "Quparadze, Giga"]
[Black "Yordanov, Lachezar"]
[Result "1-0"]
[WhiteTitle "GM"]
[BlackTitle "FM"]
[WhiteElo "2533"]
[BlackElo "2332"]
[WhiteFideId "13602250"]
[BlackFideId "2918927"]
[EventDate "2024.11.08"]

1. e4 c5 2. Ne2 Nf6 3. Nbc3 d5 4. exd5 Nxd5 5. Nxd5 Qxd5 6. Nc3 Qd8 7. g3 Bd7 8.
d4 cxd4 9. Qxd4 Nc6 10. Qe4 g6 11. Bg2 Bg7 12. O-O Bf5 13. Qa4 O-O 14. Be3 Qc8
15. Rfe1 Rd8 16. Rad1 Rxd1 17. Rxd1 h5 18. Nd5 e6 19. Qxc6 bxc6 20. Ne7+ Kh7 21.
Nxc8 Rxc8 22. c3 Rc7 23. h4 c5 24. Rd8 Bf6 25. Rb8 Bd3 26. a4 Bc4 27. Bf4 Rd7
28. Rc8 Bb3 29. a5 Rd1+ 30. Kh2 Rb1 31. Rc7 Kg7 32. Rxa7 Rxb2 33. Rb7 Rxf2 34.
Rxb3 Ra2 35. c4 Bd4 36. Bc7 e5 37. Bb6 Bf2 38. Rb5 Ra3 39. Bb7 Be1 40. Bxc5 Ra2+
41. Kh3 Bxa5 42. Bd6 f6 43. Bd5 Bc3 44. Rb7+ Kh8 45. Be7 e4 46. c5 Rd2 47. c6
Be5 48. c7 1-0

[Event "24th ch-EUR Indiv 2024"]
[Site "Petrovac MNE"]
[Date "2024.11.10"]
[Round "3.81"]
[White "Vagman, Roy"]
[Black "Fernandez, Daniel Howard"]
[Result "0-1"]
[WhiteTitle "FM"]
[BlackTitle "GM"]
[WhiteElo "2322"]
[BlackElo "2503"]
[WhiteFideId "2828995"]
[BlackFideId "5801605"]
[EventDate "2024.11.08"]

1. e4 c5 2. Nf3 d6 3. d4 cxd4 4. Nxd4 Nf6 5. Nc3 Nc6 6. Bg5 Bd7 7. Qd2 a6 8.
O-O-O e6 9. Kb1 h6 10. Be3 Nxd4 11. Bxd4 b5 12. a3 Qb8 13. f4 Bc6 14. e5 dxe5
15. Bxe5 Qb7 16. f5 Nd7 17. Bg3 e5 18. Nd5 O-O-O 19. Nb4 Bxb4 20. Qxb4 f6 21.
Rc1 Nb6 22. c4 Nxc4 23. Bxc4 bxc4 24. Qxc4 Rd6 25. Rc3 Kb8 26. Rhc1 Bxg2 27. Rb3
Rb6 28. Rxb6 Qxb6 29. Rc3 Ka8 30. Bf2 Qb7 31. Qc5 Be4+ 32. Ka1 Rd8 33. Rc1 Bxf5
34. Qa5 Rc8 35. Rxc8+ Bxc8 36. Qc5 g5 37. b4 Qd7 38. Be3 e4 39. Kb2 f5 40. a4 f4
41. Bd4 e3 42. Qe5 e2 43. Kc3 f3 44. Kd2 g4 45. Ke1 h5 46. b5 h4 47. bxa6 Bxa6
48. Qe4+ Qb7 49. Qe8+ Qc8 50. Qe3 f2+ 0-1

[Event "24th ch-EUR Indiv 2024"]
[Site "Petrovac MNE"]
[Date "2024.11.10"]
[Round "3.82"]
[White "Kramer, Julian"]
[Black "Sukovic, Andrej"]
[Result "1-0"]
[WhiteTitle "IM"]
[BlackTitle "FM"]
[WhiteElo "2503"]
[BlackElo "2299"]
[WhiteFideId "12921742"]
[BlackFideId "16502310"]
[EventDate "2024.11.08"]

1. e4 c5 2. Nf3 Nf6 3. Nc3 e6 4. e5 Nd5 5. g3 Nxc3 6. bxc3 b6 7. Bg2 Bb7 8. O-O
Be7 9. Re1 O-O 10. h4 d6 11. a4 Nc6 12. exd6 Qxd6 13. d3 Qd7 14. Bf4 Bf6 15. Ne5
Bxe5 16. Bxe5 f6 17. Bf4 e5 18. Be3 Rae8 19. Qb1 f5 20. f4 Nd8 21. Qb5 Bc6 22.
Bxc6 Nxc6 23. a5 Qd5 24. axb6 Qf3 25. Bf2 exf4 26. Qc4+ Kh8 27. Rxe8 Rxe8 28.
Qf7 Rd8 29. Re1 h6 30. bxa7 fxg3 31. Bxc5 g2 32. Qg6 Qd5 33. Re8+ Rxe8 34. Qxe8+
Kh7 35. a8=Q Qxc5+ 36. d4 Nxd4 37. Qg8+ Kg6 38. Qxg2+ 1-0

[Event "24th ch-EUR Indiv 2024"]
[Site "Petrovac MNE"]
[Date "2024.11.10"]
[Round "3.83"]
[White "Djukic, Nikola"]
[Black "Leszko, Bence"]
[Result "1-0"]
[WhiteTitle "GM"]
[BlackTitle "FM"]
[WhiteElo "2499"]
[BlackElo "2292"]
[WhiteFideId "922412"]
[BlackFideId "769070"]
[EventDate "2024.11.08"]

1. c4 e6 2. g3 Nc6 3. Bg2 d5 4. Nf3 d4 5. O-O g6 6. d3 Bg7 7. Na3 Nge7 8. Nc2 a5
9. b3 O-O 10. a3 e5 11. Rb1 h6 12. b4 Be6 13. b5 Nb8 14. e3 Qd7 15. exd4 exd4
16. Nd2 c5 17. Ne4 Bg4 18. f3 Bf5 19. Nxc5 Qc7 20. Nb3 a4 21. Nbxd4 Bxd4+ 22.
Nxd4 Qc5 23. Be3 Qxa3 24. Ra1 Qxd3 25. Nxf5 Qxf5 26. Rxa4 Rxa4 27. Qxa4 Nd7 28.
Qa7 Rc8 29. Qxb7 Rxc4 30. Rd1 Qe6 31. Bf2 Nc5 32. Qb8+ Kh7 33. Re1 Qf6 34. Qd8
Ne6 35. Qd3 Rc3 36. Qd2 Rb3 37. b6 Nf5 38. f4 Ned4 39. b7 Qb6 40. b8=Q Qxb8 41.
Bxd4 Qd6 42. Rd1 1-0

[Event "24th ch-EUR Indiv 2024"]
[Site "Petrovac MNE"]
[Date "2024.11.10"]
[Round "3.84"]
[White "Fiedorek, Michal"]
[Black "Malek, Jan"]
[Result "0-1"]
[WhiteTitle "FM"]
[BlackTitle "IM"]
[WhiteElo "2295"]
[BlackElo "2499"]
[WhiteFideId "1199528"]
[BlackFideId "21864080"]
[EventDate "2024.11.08"]

1. e4 c5 2. Nf3 d6 3. d4 cxd4 4. Nxd4 Nf6 5. Nc3 a6 6. f3 e5 7. Nb3 Be7 8. Be3
Be6 9. Qd2 h5 10. Nd5 Nxd5 11. exd5 Bf5 12. Be2 a5 13. a4 Nd7 14. O-O O-O 15. f4
exf4 16. Bxf4 Rc8 17. c3 Nf6 18. Bf3 Re8 19. Rae1 Bg6 20. Nd4 Qd7 21. Qd1 Bf8
22. h3 Qc7 23. Bg5 Re5 24. Bf4 Rce8 25. Kh1 Qd7 26. Bxe5 dxe5 27. Nb5 Bc5 28. d6
e4 29. Be2 Re5 30. b4 Bb6 31. Qb3 e3 32. bxa5 Bc5 33. Rxf6 gxf6 34. Bf3 Bf5 35.
Nd4 Bd3 36. Qxb7 Qxd6 37. Qc8+ Kg7 38. Qc6 Qe7 39. a6 f5 40. g3 e2 41. h4 Re3
42. Qb7 Qe5 43. Bd5 Be4+ 44. Bxe4 Rxe4 45. Qb2 Bxd4 46. cxd4 Qxg3 47. Rxe2 Rxh4+
48. Rh2 Qe1+ 0-1

[Event "24th ch-EUR Indiv 2024"]
[Site "Petrovac MNE"]
[Date "2024.11.10"]
[Round "3.85"]
[White "Ioannidis, Evgenios"]
[Black "Lekic, Dusan"]
[Result "1-0"]
[WhiteTitle "GM"]
[BlackTitle "IM"]
[WhiteElo "2497"]
[BlackElo "2288"]
[WhiteFideId "4229274"]
[BlackFideId "905330"]
[EventDate "2024.11.08"]

1. d4 Nf6 2. c4 e6 3. Nc3 Bb4 4. e3 O-O 5. Bd3 d5 6. cxd5 exd5 7. a3 Bd6 8. Qc2
b6 9. b4 a5 10. b5 Re8 11. Nge2 Bb7 12. f3 Qe7 13. O-O Nbd7 14. Ng3 g6 15. Qa2
Nf8 16. e4 dxe4 17. fxe4 Ne6 18. Nce2 Bxg3 19. Nxg3 Ng4 20. Ne2 Rad8 21. Qc4 Nc5
22. dxc5 Ne5 23. Qc2 Nxd3 24. c6 Bc8 25. Bf4 Nxf4 26. Rxf4 g5 27. Rf2 Qxe4 28.
Qb3 Be6 29. Qg3 h6 30. Qxc7 Bc4 31. Ng3 Qd4 32. Rb1 Rd6 33. Nf5 Qd1+ 34. Rf1
Bxf1 35. Rxd1 Rxd1 36. Nxh6+ Kh8 37. Nxf7+ Kg8 38. Nxg5 Bxb5+ 39. Kf2 Rd2+ 40.
Kg3 Rd3+ 41. Kh4 1-0

[Event "24th ch-EUR Indiv 2024"]
[Site "Petrovac MNE"]
[Date "2024.11.10"]
[Round "3.86"]
[White "Filip, Andrei"]
[Black "Gines Esteo, Pedro Antonio"]
[Result "1/2-1/2"]
[WhiteTitle "FM"]
[BlackTitle "GM"]
[WhiteElo "2283"]
[BlackElo "2492"]
[WhiteFideId "1249452"]
[BlackFideId "32080190"]
[EventDate "2024.11.08"]

1. e4 c6 2. d4 d5 3. e5 Bf5 4. Nd2 e6 5. Nb3 Nd7 6. Nf3 Qc7 7. Be2 c5 8. c3 h6
9. O-O c4 10. Nbd2 Ne7 11. Ne1 Bh7 12. b3 cxb3 13. Qxb3 Nc6 14. Ba3 Bxa3 15.
Qxa3 Qa5 16. Qb2 Qb6 17. Qa3 Qa5 18. Qb2 O-O 19. Bd3 Bxd3 20. Nxd3 Qa6 21. Nf4
Nb6 22. Nb3 Na4 23. Qd2 Ne7 24. Nh5 Rac8 25. Rac1 Rc4 26. f4 Rfc8 27. Rf3 b5 28.
g4 b4 29. cxb4 Rxc1+ 30. Nxc1 Nc6 31. Nb3 Qc4 32. a3 Ne7 33. Nc5 Nxc5 34. dxc5
a5 35. Rc3 Qe4 36. Ng3 Qg6 37. h3 axb4 38. axb4 d4 39. Rd3 Nd5 40. f5 exf5 41.
Rxd4 Nxb4 42. Nxf5 Qe6 43. Qxb4 Qxe5 44. Re4 Qxc5+ 45. Qxc5 Rxc5 46. Nd6 Rc7 47.
Kg2 Ra7 48. Nf5 Ra5 49. Re7 h5 50. Nd6 Ra2+ 51. Kg3 Ra3+ 52. Kh4 hxg4 53. Kxg4
Ra4+ 54. Kf5 Ra5+ 55. Re5 Ra3 56. Re8+ Kh7 57. Nxf7 Rf3+ 58. Ke6 Re3+ 59. Kd7
Rxe8 60. Kxe8 Kg6 61. Nd6 Kg5 62. Ne4+ Kh4 63. Nf2 Kg3 64. Kf7 Kxf2 65. h4 Kg3
66. h5 Kh4 67. Kxg7 Kxh5 1/2-1/2

[Event "24th ch-EUR Indiv 2024"]
[Site "Petrovac MNE"]
[Date "2024.11.10"]
[Round "3.87"]
[White "Perossa, Nicolas"]
[Black "Tarhan, Adar"]
[Result "0-1"]
[WhiteTitle "FM"]
[BlackTitle "IM"]
[WhiteElo "2277"]
[BlackElo "2492"]
[WhiteFideId "2850520"]
[BlackFideId "34544712"]
[EventDate "2024.11.08"]

1. e4 c5 2. Nf3 d6 3. d4 cxd4 4. Nxd4 Nf6 5. Nc3 a6 6. Bd3 g6 7. f3 Bg7 8. Be3
Nc6 9. Qd2 Nxd4 10. Bxd4 Be6 11. O-O-O Rc8 12. Kb1 Qa5 13. Nd5 Qxd2 14. Rxd2
Bxd5 15. exd5 O-O 16. c4 Nd7 17. Bxg7 Kxg7 18. Be2 g5 19. Rc1 Rc7 20. b3 Ne5 21.
Rdc2 Rfc8 22. Kb2 Kf6 23. Rc3 h5 24. f4 gxf4 25. Rf1 Kg5 26. h4+ Kxh4 27. g3+
fxg3 28. Rh1+ Kg5 29. Rxh5+ Kf6 30. Rxg3 b5 31. Rh1 Kf5 32. Rf1+ Ke4 33. Bg4 Rh8
34. Kc3 bxc4 35. b4 Kxd5 36. Bf3+ Ke6 37. Bg4+ Nxg4 38. Rxg4 Rh3+ 39. Kc2 d5 40.
Rg2 f6 0-1

[Event "24th ch-EUR Indiv 2024"]
[Site "Petrovac MNE"]
[Date "2024.11.10"]
[Round "3.88"]
[White "Yeritsyan, Hayk"]
[Black "Gokerkan, Cem Kaan"]
[Result "1/2-1/2"]
[WhiteTitle "FM"]
[BlackTitle "GM"]
[WhiteElo "2276"]
[BlackElo "2490"]
[WhiteFideId "13307320"]
[BlackFideId "6336760"]
[EventDate "2024.11.08"]

1. e4 c6 2. Nf3 d5 3. e5 c5 4. Be2 Nc6 5. O-O Bf5 6. d4 e6 7. c3 cxd4 8. Nxd4
Nge7 9. Nxf5 Nxf5 10. Bd3 g6 11. Qe2 Bg7 12. f4 O-O 13. Nd2 f6 14. exf6 Qxf6 15.
Nf3 Rae8 16. Bd2 e5 17. fxe5 Nxe5 18. Nxe5 Rxe5 19. Qf2 Qc6 20. Qxa7 d4 21. Bxf5
Re2 22. Bh3 Rxd2 23. Rxf8+ Bxf8 24. cxd4 Qe4 1/2-1/2

[Event "24th ch-EUR Indiv 2024"]
[Site "Petrovac MNE"]
[Date "2024.11.10"]
[Round "3.89"]
[White "Manea, Alexandru"]
[Black "Girel, Joseph"]
[Result "0-1"]
[WhiteTitle "IM"]
[BlackTitle "GM"]
[WhiteElo "2273"]
[BlackElo "2486"]
[WhiteFideId "1207660"]
[BlackFideId "36033561"]
[EventDate "2024.11.08"]

1. e4 e6 2. Nf3 d5 3. exd5 exd5 4. d4 Bd6 5. Bd3 Nc6 6. c3 Nge7 7. Nbd2 Bg4 8.
b4 Qd7 9. h3 Bf5 10. Nb3 b6 11. O-O f6 12. Re1 g5 13. a4 O-O 14. b5 Nd8 15. c4
Bxd3 16. Qxd3 dxc4 17. Qxc4+ Nf7 18. Ne5 Qf5 19. g4 Qc8 20. Nxf7 Rxf7 21. Re6
Kf8 22. Nd2 a6 23. Rb1 axb5 24. axb5 Ra4 25. Qxa4 Qxe6 26. Qa8+ Kg7 27. Qe4 Qa2
28. Rb2 Qa4 29. Kg2 Ng6 30. Nf3 Re7 31. Qc2 Qa8 32. Qc6 Qa3 33. Rc2 Qxf3+ 0-1

[Event "24th ch-EUR Indiv 2024"]
[Site "Petrovac MNE"]
[Date "2024.11.10"]
[Round "3.90"]
[White "Stefansson, Hannes"]
[Black "Mouhamad, Joachim"]
[Result "1/2-1/2"]
[WhiteTitle "GM"]
[BlackTitle "FM"]
[WhiteElo "2485"]
[BlackElo "2273"]
[WhiteFideId "2300087"]
[BlackFideId "656410"]
[EventDate "2024.11.08"]

1. e4 c5 2. Nf3 e6 3. d4 cxd4 4. Nxd4 Nf6 5. Nc3 Nc6 6. Nxc6 bxc6 7. e5 Nd5 8.
Ne4 Qc7 9. f4 Qb6 10. Bd3 f5 11. exf6 Nxf6 12. Nxf6+ gxf6 13. Qh5+ Kd8 14. Qe2
Bc5 15. Rf1 Kc7 16. Rf3 Bb7 17. c3 a5 18. Be3 Rhg8 19. Bxc5 Qxc5 20. O-O-O Rg7
21. Bc2 Rag8 22. g3 h5 23. Qd2 Ba6 24. b4 Qe7 25. Qd4 Ra8 26. Re3 Rgg8 27. a3
Rgb8 28. Be4 e5 29. fxe5 fxe5 30. Qc5 Qxc5 31. bxc5 Rf8 32. Bc2 Rae8 33. Rde1
Rf2 34. h4 Rg2 35. Rxe5 Rf8 36. Bf5 Rxg3 37. Rd1 Rf7 38. Kc2 Bc4 39. Rd4 Rg2+
40. Rd2 Bb3+ 41. Kd3 Rg3+ 42. Kd4 Rf3 43. Be4 R7f4 44. Rxh5 Bd5 45. Re5 Rxh4 46.
Re2 Rf1 47. c4 Rd1+ 48. Kc3 Be6 49. Bc2 Rxc4+ 50. Kb2 Rd5 51. Bb3 Rcxc5 52. Bxd5
Rb5+ 53. Kc1 Bxd5 54. Rb2 Rxb2 55. Kxb2 Kd6 56. Rh5 a4 57. Kc3 c5 58. Rh6+ Be6
59. Rg6 Kc6 60. Rh6 Kc7 61. Rg6 Bb3 62. Rh6 Bd5 63. Rh4 Bc6 64. Rh7 Kb6 65. Rh4
d5 66. Rg4 Kb5 67. Rg8 Bd7 68. Rb8+ Kc6 69. Ra8 Kb7 70. Rf8 Kc7 71. Rf6 Bg4 72.
Rf4 Bd1 73. Rf6 Be2 74. Rf4 Bb5 75. Rh4 Kb6 76. Rh6+ Ka5 77. Rd6 Bc4 78. Rh6 Kb5
79. Rd6 Ka5 80. Rc6 Kb5 81. Rd6 Bb3 82. Kd3 Ba2 83. Kc3 Bc4 84. Rd8 Kc6 85. Rc8+
Kd6 86. Rd8+ Kc7 87. Rh8 Bb5 88. Rh7+ Bd7 89. Rh6 Be8 90. Rf6 Bb5 91. Rf4 Kd6
92. Rh4 Bd7 93. Rh5 Be6 94. Rh4 Bd7 95. Rh5 d4+ 96. Kd3 Bb5+ 97. Ke4 Bc6+ 98.
Kd3 Bd5 99. Rh4 Ke5 100. Rh5+ Kd6 101. Rh4 Ke5 102. Rh5+ Kd6 1/2-1/2

[Event "24th ch-EUR Indiv 2024"]
[Site "Petrovac MNE"]
[Date "2024.11.10"]
[Round "3.91"]
[White "Zwirs, Nico"]
[Black "Bodiroga, Predrag"]
[Result "0-1"]
[WhiteTitle "IM"]
[BlackTitle "IM"]
[WhiteElo "2480"]
[BlackElo "2260"]
[WhiteFideId "1036432"]
[BlackFideId "915700"]
[EventDate "2024.11.08"]

1. e4 e6 2. d4 d5 3. Nc3 dxe4 4. Nxe4 Bd7 5. Nf3 Bc6 6. Bd3 Nd7 7. c3 Ngf6 8.
Nxf6+ gxf6 9. O-O Bg7 10. Re1 O-O 11. Bf4 f5 12. Qe2 Bd5 13. Bc2 Rc8 14. Rad1
Qf6 15. c4 Bxf3 16. Qxf3 c6 17. Qa3 a6 18. Qh3 Rfe8 19. Re3 Nf8 20. Qh5 Qg6 21.
Qe2 Qg4 22. Qxg4 fxg4 23. Rg3 h5 24. c5 e5 25. Bxe5 Bxe5 26. dxe5 Rxe5 27. h3
Rxc5 28. Bb3 Rg5 29. hxg4 hxg4 30. Rd4 Kg7 31. f4 Rg6 32. Bc2 c5 33. Rd5 Rb6 34.
Rxg4+ Kf6 35. b3 Ne6 36. Rh4 Rb4 37. Rf5+ Ke7 38. Bd3 b5 39. Re5 c4 40. Bc2 c3
41. g3 Rd4 42. Re2 Rd2 43. Rhh2 Rxe2 44. Rxe2 Kf6 45. Rh2 Nd4 46. Kf1 Nxc2 47.
Rxc2 Kf5 48. a3 Ke4 49. Ke2 f5 50. Kd1 Kf3 51. Rh2 c2+ 52. Kc1 Kxg3 53. Rh6 Kxf4
54. Rxa6 Ke4 55. Rb6 f4 56. Rxb5 f3 57. Rb7 Rf8 58. Re7+ Kd3 59. Rd7+ Kc3 60.
Rc7+ Kxb3 61. Rb7+ Ka2 62. Rb2+ Kxa3 63. Kxc2 f2 0-1

[Event "24th ch-EUR Indiv 2024"]
[Site "Petrovac MNE"]
[Date "2024.11.10"]
[Round "3.92"]
[White "Hulka, Valentyn"]
[Black "Deuer, Marius"]
[Result "0-1"]
[WhiteTitle "FM"]
[BlackTitle "IM"]
[WhiteElo "2259"]
[BlackElo "2479"]
[WhiteFideId "34107061"]
[BlackFideId "16236432"]
[EventDate "2024.11.08"]

1. d4 Nf6 2. c4 e6 3. Nf3 d5 4. g3 Bb4+ 5. Bd2 Be7 6. Bg2 O-O 7. O-O c6 8. Qc2
Nbd7 9. Rc1 a5 10. a4 Bd6 11. b3 e5 12. dxe5 Nxe5 13. Bc3 Nxf3+ 14. Bxf3 d4 15.
Bxd4 Bxg3 16. hxg3 Qxd4 17. Nc3 Ng4 18. Bxg4 Bxg4 19. Rd1 Qe5 20. Kg2 Rfe8 21.
f3 Be6 22. Qd2 Qf5 23. Kf2 Qh5 24. Kg1 Qc5+ 25. Qd4 Qb4 26. c5 Bxb3 27. Rab1
Bxd1 28. Rxb4 axb4 29. Qxb4 Bxe2 30. Kf2 Bd3 31. Qxb7 Rab8 0-1

[Event "24th ch-EUR Indiv 2024"]
[Site "Petrovac MNE"]
[Date "2024.11.10"]
[Round "3.93"]
[White "Kucuksari, Kaan"]
[Black "Pogorelskikh, Sofia"]
[Result "0-1"]
[WhiteTitle "IM"]
[BlackTitle "WIM"]
[WhiteElo "2473"]
[BlackElo "2252"]
[WhiteFideId "6380166"]
[BlackFideId "44164548"]
[EventDate "2024.11.08"]

1. d4 d5 2. Nf3 Nf6 3. Bf4 e6 4. e3 c5 5. c3 Nc6 6. Nbd2 cxd4 7. exd4 Nh5 8. Be3
Bd6 9. Ne5 Nf6 10. Nd3 O-O 11. Be2 Ne7 12. Bf4 Bxf4 13. Nxf4 Nf5 14. O-O Bd7 15.
a4 a5 16. Nd3 b6 17. Ne5 Bc8 18. Re1 Ba6 19. Bxa6 Rxa6 20. Qe2 Ra8 21. Kh1 Nd6
22. g4 Nfe4 23. f3 Nxd2 24. Qxd2 Qc7 25. h4 Rae8 26. Re2 f6 27. Nd3 e5 28. dxe5
Nc4 29. Qf4 fxe5 30. Qg3 Qf7 31. Rf2 Qg6 32. Ne1 d4 33. Ng2 dxc3 34. bxc3 Qd3
35. Re1 Qxc3 36. g5 e4 37. Kh2 e3 38. Rfe2 Nd2 39. f4 Qc6 40. Rd1 Qxa4 41. Nxe3
Qxd1 42. Nxd1 Nf1+ 43. Kh3 Nxg3 0-1

[Event "24th ch-EUR Indiv 2024"]
[Site "Petrovac MNE"]
[Date "2024.11.10"]
[Round "3.94"]
[White "Vasynda, Oleksandr"]
[Black "Feuerstack, Aljoscha"]
[Result "1/2-1/2"]
[WhiteTitle "FM"]
[BlackTitle "IM"]
[WhiteElo "2257"]
[BlackElo "2471"]
[WhiteFideId "14176297"]
[BlackFideId "4681932"]
[EventDate "2024.11.08"]

1. d4 d5 2. Nf3 Nf6 3. Bf4 c5 4. e3 Nc6 5. c3 Qb6 6. Qc2 Nh5 7. Bg5 h6 8. Bh4 g5
9. Bg3 Nxg3 10. hxg3 g4 11. dxc5 Qxc5 12. Nd4 e5 13. Nxc6 bxc6 14. e4 Rb8 15.
Nd2 Bg7 16. Rd1 Be6 17. Bd3 a5 18. a3 O-O 19. b4 Qa7 20. O-O f5 21. exf5 Bc8 22.
Nb3 e4 23. Be2 Bxf5 24. Nd4 Bd7 25. f3 axb4 26. axb4 Qc7 27. fxe4 Qxg3 28. exd5
Qe3+ 29. Kh1 cxd5 30. Qg6 Qg5 31. Qxg5 hxg5 32. Rxf8+ Kxf8 33. Kg1 Re8 34. Kf2
g3+ 35. Kf1 Re4 36. Rd3 g4 37. b5 Ke7 38. Rd2 Kd6 39. Rd3 Be5 40. Ke1 Rf4 41.
Rd2 Rf8 42. Kd1 Rf2 43. Bd3 Rf4 44. Ne2 Rf1+ 45. Kc2 Rf2 46. Nd4 Kc5 47. Nb3+
Kb6 48. c4 dxc4 49. Bxc4 Bxb5 50. Bxb5 Kxb5 51. Kd3 Rf8 52. Nd4+ Bxd4 53. Kxd4
Rf2 1/2-1/2

[Event "24th ch-EUR Indiv 2024"]
[Site "Petrovac MNE"]
[Date "2024.11.10"]
[Round "3.95"]
[White "Gevorgyan, David Sh."]
[Black "Ilinca, Felix-Antonio"]
[Result "1-0"]
[WhiteTitle "IM"]
[BlackTitle "IM"]
[WhiteElo "2247"]
[BlackElo "2470"]
[WhiteFideId "13303244"]
[BlackFideId "54764998"]
[EventDate "2024.11.08"]

1. d4 d5 2. c4 e6 3. Nc3 Nf6 4. cxd5 exd5 5. Bg5 Bb4 6. Qa4+ Nc6 7. e3 h6 8.
Bxf6 Qxf6 9. Bb5 O-O 10. Ne2 a5 11. a3 Bxc3+ 12. bxc3 Ne7 13. O-O Bf5 14. Nf4 g5
15. Nh5 Qg6 16. Be2 c6 17. Qd1 b5 18. Qd2 a4 19. Ng3 Be6 20. Bd3 f5 21. f4 Nc8
22. fxg5 hxg5 23. Rf2 Nd6 24. Raf1 Ra7 25. e4 dxe4 26. Nxe4 Nxe4 27. Bxe4 Raf7
28. Bd3 Qh6 29. Re2 Kg7 30. h4 Bd5 31. Qxg5+ Qxg5 32. hxg5 Kg6 33. Re5 Kxg5 34.
Bxb5 Kh4 35. Be2 Rg7 36. Rfxf5 Rxg2+ 37. Kf1 Rfg8 38. Rh5+ Kg3 39. Rhg5+ Kf4 40.
Rgf5+ Kg3 41. Re3+ 1-0

[Event "24th ch-EUR Indiv 2024"]
[Site "Petrovac MNE"]
[Date "2024.11.10"]
[Round "3.96"]
[White "Kalavannan, Koby"]
[Black "Akbas, Umut Ata"]
[Result "1/2-1/2"]
[WhiteTitle "FM"]
[BlackTitle "IM"]
[WhiteElo "2225"]
[BlackElo "2466"]
[WhiteFideId "425753"]
[BlackFideId "44572646"]
[EventDate "2024.11.08"]

1. d4 d5 2. c4 e6 3. Nf3 Nf6 4. Qc2 dxc4 5. e3 a6 6. a4 b6 7. Bxc4 Bb7 8. Nc3 c5
9. dxc5 Bxc5 10. b3 Nbd7 11. Bb2 Rc8 12. Qe2 Rc7 13. O-O Qa8 14. Rfd1 O-O 15.
Rac1 Rfc8 16. h3 Bf8 17. Nb1 Ne4 18. Qf1 h6 19. Ne5 Nxe5 20. Bxe5 Rc5 21. Bf4 g5
22. Bh2 b5 23. axb5 axb5 24. Bxb5 Nxf2 25. Rxc5 Rxc5 26. Qxf2 Rxb5 27. Nc3 Rf5
28. Qe2 Qa5 29. Na4 Ba6 30. Qc2 Qb5 31. Bg3 Rf1+ 32. Rxf1 Qxf1+ 33. Kh2 Bb7 34.
e4 Qb5 35. Nc3 Qb4 36. Be5 Qc5 37. Bf6 Bd6+ 38. g3 Qe3 39. Qg2 h5 40. Nd1 Qxb3
41. Nc3 Ba3 42. Qd2 Qb2 43. Bxg5 Kg7 44. Bh6+ Kg6 45. g4 Bd6+ 46. Kg2 Qxd2+ 47.
Bxd2 Ba6 48. gxh5+ Kxh5 49. Kf3 Kh4 50. Nd1 Bb7 51. Bf4 Bc5 52. Bg3+ Kg5 53.
Bf4+ Kg6 54. Be3 Be7 55. Kf4 Bg5+ 56. Ke5 Bd8 57. Kf4 Bc7+ 58. e5 Bg2 59. Nf2
Kh5 60. Bc5 Bd8 61. Kg3 Bf1 62. Be3 Bh4+ 63. Kf3 Kg6 64. Kg4 Bd8 65. Ne4 Bc7 66.
Ng3 Bd3 67. Bd4 Bc2 68. Kf3 Kg5 69. Ne4+ Kh4 70. Kf4 Bd8 71. Bf2+ Kh5 72. Nf6+
Kg6 73. Be3 Ba5 74. h4 Bc3 75. h5+ Kg7 76. Ne4 Bb2 77. Nf6 Bd1 78. Ke4 Bc2+ 79.
Kf4 Bf5 80. Ne8+ Kh6 81. Nd6 Kxh5 82. Nxf5 exf5 83. Kxf5 Bxe5 84. Kxe5 f5 85.
Kxf5 1/2-1/2

[Event "24th ch-EUR Indiv 2024"]
[Site "Petrovac MNE"]
[Date "2024.11.10"]
[Round "3.97"]
[White "Stoyanov, Tsvetan"]
[Black "Hamidov, Allahverdi"]
[Result "1-0"]
[WhiteTitle "IM"]
[BlackTitle "FM"]
[WhiteElo "2465"]
[BlackElo "2247"]
[WhiteFideId "2917173"]
[BlackFideId "13452029"]
[EventDate "2024.11.08"]

1. e4 e6 2. d4 d5 3. exd5 exd5 4. Nf3 Bd6 5. Bd3 Nc6 6. O-O Nge7 7. c3 Bf5 8.
Bxf5 Nxf5 9. Re1+ Nce7 10. Qb3 Rb8 11. Na3 c6 12. c4 dxc4 13. Nxc4 Bc7 14. Bg5
O-O 15. Nh4 Qxd4 16. Rad1 Qg4 17. Nf3 Nd5 18. Nce5 Bxe5 19. Rxe5 Nf4 20. Bxf4
Qxf4 21. g3 Qg4 22. Kg2 Rbe8 23. h3 Qg6 24. Rxe8 Rxe8 25. Qxb7 h6 26. Rd2 Qe6
27. Qxa7 g5 28. Qc5 Qe4 29. Qc2 g4 30. Qxe4 gxh3+ 31. Kxh3 Rxe4 32. b3 Ne7 33.
Kg2 Nd5 34. Nd4 Ne7 35. Kf3 Re5 36. Re2 Rd5 37. Rxe7 Rxd4 38. Ke2 Rd8 39. Re4
Kg7 40. Rc4 Rd6 41. a4 Kf6 42. Ke3 1-0